000 00485nmm a2200169Ia 4500
008 251105s9999||||xx |||||||||||||||||und||
020 _a9786071602855
041 _aspa
100 _aGonzález Rubio Iribarren, Javier
245 0 _aQuererte fue mi castigo
264 _a[México D.C., Mexico] :
_bFondo de Cultura Económica,
_c2014
300 _a188 páginas
490 _aPopular
650 _aRomance
856 _uhttps://public.digitaliapublishing.com/a/43569
942 _cCF
999 _c75390
_d75390